| 000 | 00640cam a2200205 4500500 | ||
|---|---|---|---|
| 005 | 20260329002427.0 | ||
| 041 | _afre | ||
| 042 | _adc | ||
| 100 | 1 | 0 |
_aWalzer, Michael _eauthor |
| 245 | 0 | 0 | _aMichael Walzer: “Alors, je me suis souvenu de ce que dit Pascal dans les Pensées” |
| 260 | _c2012. | ||
| 500 | _a62 | ||
| 690 | _aEurêka | ||
| 690 | _aJustice | ||
| 690 | _aMichael Walzer | ||
| 690 | _aSphère | ||
| 690 | _aWalzer | ||
| 786 | 0 | _nPhilosophie magazine | 60 | 6 | 2012-06-01 | p. 35-35 | 1951-1787 | |
| 856 | 4 | 1 | _uhttps://shs.cairn.info/magazine-philosophie-magazine-2012-6-page-35?lang=fr&redirect-ssocas=7080 |
| 999 |
_c1814827 _d1814827 |
||